Responses for Show #3713 - Wednesday, October 25, 2000

Contestants

[<< previous game]

Rebecca Fisher, a librarian from Ardencroft, Delaware

Ken Boulton, a high school teacher from Imperial Beach, California

Kirsten Edwards, a college student from Chicago, Illinois (whose 2-day cash winnings total $7,500)

[next game >>]

Jeopardy! Round responses

THE "MALL"
POTTERY BARN
BANANA REPUBLIC
VICTORIA'S SECRETS
(Alex: No, not that one! These are secrets of Queen Victoria.)
MILLERS OUTPOST
THE FOOD COURT
    $100 1
Mallets

Ken
    $100 11
Kiln

Kirsten
    $100 16
(Ken: What is Dole?)

Chiquita

KirstenKen
    $100 21
(Note: All clues in this category were read with Alex's imitation of Queen Victoria.)

Tea

Ken
    $100 26
Nobel Prize

Ken
    $100 6
Pineapple

Kirsten
    $200 2
Mallard

Kirsten
    $200 12
Majorca

Kirsten
    $200 17
Bolivia

Ken
    $200 22
Buckingham Palace

Rebecca
    $200 27
Hamlet

Kirsten
    $200 7
(Alex: Drop the chalupa!)

Taco Bell

Rebecca
    $300 3
Louis Malle

Ken
    $300 13
Terra cotta

Rebecca
    $300 18
Brazil

Rebecca
    $300 23
Prince Albert

Rebecca
    $300 28
Scotland

Ken
    $300 8
Mrs. Fields

Ken
    $400 4
Malleable

Ken
    $400 14
Wedgwood

Rebecca
    $1,000 19
(Rebecca: What is the Dominican Republic?)

Dominica

Rebecca
    $400 24
(Ken: What is Turkey?)

Russia

Ken
Triple Stumper
    $400 29
Ziegfeld Follies

Rebecca
    $400 9
Waldorf salad

Kirsten
    $500 5
George Mallory

Kirsten
    $500 15
Spode

Triple Stumper
    $500 20
(Ken: What is Ethiopia?)

Uganda

Ken
Triple Stumper
    $500 25
Benjamin Disraeli

Rebecca
    $500 30
League of Nations

Ken
    $500 10
Gyro

Kirsten

Scores at the first commercial break (after clue 15):

Kirsten Ken Rebecca
$2,000 $1,100 $900

Scores at the end of the Jeopardy! Round:

Kirsten Ken Rebecca
$2,300 $1,300 $1,600

Double Jeopardy! Round responses

U.S. CITIES
SOCIAL SCIENCE
SPORTS STATS
HAWTHORNE IN YOUR SIDE
MUSEUMS
MYTHOLOGICAL RHYME TIME
    $200 18
Annapolis, Maryland

Ken
    $200 1
Constitution

Rebecca
    $200 11
Punts

Ken
    $200 23
The Scarlet Letter

Kirsten
    $200 6
Cairo

Rebecca
    $400 19
(Rebecca: What is San Diego?)

San Jose

KenRebecca
    $400 2
Electric shocks

Rebecca
    $400 12
rebounds

Ken
    $400 22
(Alex: Less than a minute.)

Moby-Dick

Ken
    $400 7
Pony Express

Rebecca
    $400 27
Jove's cloves

Kirsten
    $1,500 17
Oklahoma City

Ken
    $600 3
(Ken: What is himself?)

Government

KenRebecca
    $600 13
Home runs

Ken
    $1,500 16
The House of the Seven Gables

Ken
    $600 8
South Africa

Ken
    $600 26
Echo's geckos

Kirsten
    $800 20
(Rebecca: What is Saratoga?)
(Alex: We'll accept that.)

Saratoga Springs

Rebecca
    $800 4
Indo-European

Rebecca
    $800 14
David Duval

Triple Stumper
    $800 9
(Ken: What are the Tuileries?)
(Kirsten: What is the Hermitage?)

The Louvre

KirstenKen
Triple Stumper
    $800 25
Iris's viruses

Rebecca
    $1000 21
Bridgeport

Triple Stumper
    $1000 5
Ethnomusicologist

Rebecca
    $1000 15
(Ken: Who is Newcombe?)
(Kirsten: Who is Agassi?)

Roy Emerson

KirstenKen
Triple Stumper
    $1000 28
[The end-of-round signal sounds.]

The Marble Faun

Triple Stumper
    $1000 10
Secretariat

Ken
    $1000 24
Castor's fasters

Kirsten

Scores at the end of the Double Jeopardy! Round:

Kirsten Ken Rebecca
$2,700 $5,700 $6,400

[wagering suggestions for these scores]

Final Jeopardy! Round responses

RECENT FILMS
KirstenWhat is The Perfect Storm?
$2,700
KenWhat is The Perfect Storm?
$5,700
RebeccaWhat is The Perfect Storm?
$700
The Perfect Storm

Final scores:

Kirsten Ken Rebecca
$5,400 $11,400 $7,100
3rd place: MyPoints.com Gift Certificate New champion: $11,400 2nd place: Trip to Switzerland courtesy of Priceline.com

Game dynamics:

Coryat scores:

Kirsten Ken Rebecca
$2,700 $3,900 $7,400
13 R,
2 W
19 R
(including 2 DDs),
6 W
17 R,
2 W
(including 1 DD)

Combined Coryat: $14,000

[game clues] [game scores] [suggest correction]

Game tape date: 2000-09-26
The J! Archive is created by fans, for fans. Scraping, republication, monetization, and malicious use prohibited; this site may use cookies and collect identifying information. See terms. The Jeopardy! game show and all elements thereof, including but not limited to copyright and trademark thereto, are the property of Jeopardy Productions, Inc. and are protected under law. This website is not affiliated with, sponsored by, or operated by Jeopardy Productions, Inc. Join the discussion at JBoard.tv.